[Event "Challenge"]
[Site "http://www.queenalice.com/game.php?id=743256"]
[Date "2010.3.8"]
[Round "-"]
[White "mms78"]
[Black "Fittipaldi"]
[Result "1-0"]
[WhiteElo "1100"]
[BlackElo "992"]

1. e4 e5 2. Nf3 Nc6 3. Bc4 Bc5 4. c3 Nf6 5. d4 exd4 6. cxd4 Bb4+ 7. Nc3 Nxe4 8.
O-O Nxc3 9. bxc3 Bxc3 10. Qb3 O-O 11. Qxc3 d6 12. Bb2 b6 13. d5 Na5 14. Qxg7#
1-0

[Event "Let's Play Chess!"]
[Site "http://www.queenalice.com/game.php?id=743650"]
[Date "2010.3.9"]
[Round "-"]
[White "mms78"]
[Black "elche"]
[Result "1-0"]
[WhiteElo "1374"]
[BlackElo "1508"]

1. c4 Nf6 2. Nc3 e6 3. g3 d5 4. d4 Bb4 5. Bd2 O-O 6. Bg2 dxc4 7. e3 Bxc3 8. Bxc3
Nd5 9. Ne2 Nc6 10. O-O Rb8 11. a3 Nce7 12. Qc2 Ng6 13. e4 Nxc3 14. Qxc3 b5 15.
h4 h5 16. Rad1 Bb7 17. Qc2 c6 18. Bf3 f5 19. Bxh5 Nxh4 20. Nf4 Qg5 21. Nxe6 Qxh5
22. Nxf8 Rxf8 23. gxh4 Qxh4 24. f4 Qg3+ 25. Qg2 Qe3+ 26. Kh2 Qxe4 27. Rd2 Qd5
28. Rg1 Qf7 29. Qg5 Re8 30. Rdg2 1-0

[Event "Let's Play Chess!"]
[Site "http://www.queenalice.com/game.php?id=743651"]
[Date "2010.3.9"]
[Round "-"]
[White "mms78"]
[Black "Viper3910"]
[Result "1-0"]
[WhiteElo "1298"]
[BlackElo "1827"]

1. e4 e5 2. Nf3 Nc6 3. Bb5 Nd4 4. Nxd4 exd4 5. O-O a6 6. Ba4 b5 7. Bb3 c5 8. a4
c4 9. Ba2 d5 10. d3 dxe4 11. dxc4 b4 12. Re1 Nf6 13. Bg5 Bb7 14. Nd2 e3 15. Nb3
h6 16. Bh4 g5 17. Bg3 Ne4 18. Re2 Be7 19. Nxd4 Nxf2 20. Bxf2 exf2+ 21. Rxf2 O-O
22. Rf1 Bc5 23. c3 f6 24. Kh1 Bxd4 25. cxd4 Qb6 26. c5+ 1-0

[Event "Let's Play Chess!"]
[Site "http://www.queenalice.com/game.php?id=743652"]
[Date "2010.3.9"]
[Round "-"]
[White "mms78"]
[Black "microcephalec"]
[Result "1-0"]
[WhiteElo "1197"]
[BlackElo "1642"]

1. d4 Nf6 2. c4 e6 3. Nc3 Bb4 4. Qc2 Bxc3+ 5. Qxc3 Nc6 6. Bg5 b6 7. Nf3 O-O 8.
g3 h6 9. Bh4 Bb7 10. Bg2 Rb8 11. O-O Qe8 12. Bxf6 gxf6 13. e4 Kh7 14. Rfe1 Rg8
15. a3 Qf8 16. d5 exd5 17. exd5 Ne7 18. Nh4 Ng6 19. Be4 c6 20. Qxf6 cxd5 21.
cxd5 Re8 22. Rad1 Qc5 23. Qxf7+ 1-0

[Event "Let's Play Chess!"]
[Site "http://www.queenalice.com/game.php?id=743653"]
[Date "2010.3.9"]
[Round "-"]
[White "microcephalec"]
[Black "mms78"]
[Result "1-0"]
[WhiteElo "1677"]
[BlackElo "1434"]

1. e4 c5 2. d4 cxd4 3. c3 dxc3 4. Nxc3 Nc6 5. Nf3 e6 6. Bc4 g6 7. Be3 Bg7 8. Qd2
Nge7 9. O-O O-O 10. Rac1 Re8 11. Bh6 Bh8 12. Rfd1 a6 13. Qf4 Nb4 14. Ng5 f6 15.
Nxe6 Qa5 16. Nc7+ d5 17. N7xd5 Nexd5 18. Nxd5 Be6 19. Nxf6+ Bxf6 20. Qxf6 1-0

[Event "Let's Play Chess!"]
[Site "http://www.queenalice.com/game.php?id=743654"]
[Date "2010.3.9"]
[Round "-"]
[White "elche"]
[Black "mms78"]
[Result "0-1"]
[WhiteElo "1508"]
[BlackElo "1298"]

1. e4 e5 2. Nf3 Nc6 3. Bc4 h6 4. d4 exd4 5. Nxd4 Bc5 6. Nxc6 bxc6 7. Qh5 Qe7 8.
O-O Nf6 9. Bxf7+ Qxf7 10. Qxc5 Nxe4 11. Qe5+ Qe7 12. Qxc7 O-O 13. Qa5 Qh4 14.
Be3 d5 15. Qc7 Rf6 16. Qd8+ Kh7 17. Nd2 Bb7 18. Qc7 Ba6 19. Nxe4 Bxf1 20. Nxf6+
Qxf6 21. Rxf1 a5 22. b3 Qc3 23. Qb7 Rf8 24. Qe7 Rf6 25. Bc1 Qxc2 26. Qa3 Rf5 27.
Qb2 Qe4 28. Be3 Rf6 29. Qd4 Qe7 30. Rc1 Qd7 31. Qc5 Qc7 0-1

[Event "Let's Play Chess!"]
[Site "http://www.queenalice.com/game.php?id=743655"]
[Date "2010.3.9"]
[Round "-"]
[White "richcooke"]
[Black "mms78"]
[Result "0-1"]
[WhiteElo "1757"]
[BlackElo "1100"]

1. e4 e5 2. Nf3 Nf6 3. Nc3 Bb4 4. Nxe5 O-O 5. d4 Nxe4 6. Bd2 Bxc3 7. bxc3 Re8 8.
Bh6 Qf6 9. Ng4 Nxf2+ 10. Qe2 Rxe2+ 11. Bxe2 Nxg4 12. Rf1 Qxh6 13. Bxg4 Qh4+ 0-1

[Event "UltimateFighting"]
[Site "http://www.queenalice.com/game.php?id=748423"]
[Date "2010.3.19"]
[Round "1"]
[White "mms78"]
[Black "kievelrs"]
[Result "0-1"]
[WhiteElo "1497"]
[BlackElo "1666"]

1. c4 e5 2. Nc3 c6 3. e4 Qf6 4. Nf3 Bc5 5. d3 h6 6. a3 d6 7. g3 Bg4 8. Bg2 g5 9.
Qe2 Nd7 10. Be3 Bxe3 11. Qxe3 Bxf3 12. Bxf3 Ne7 13. b4 g4 14. Bxg4 Nf8 15. Qe2
Qg7 16. Bf3 Ne6 17. Qd1 a5 18. b5 Qf6 19. Rb1 Nd4 20. Bg2 Ra7 21. O-O c5 22. f3
a4 23. Nxa4 Nc8 24. Ra1 Rg8 25. Nc3 Nb6 26. Ne2 h5 27. f4 h4 28. fxe5 Qg5 29.
Nxd4 hxg3 30. Nf3 Qe3+ 31. Kh1 Rh8 0-1

[Event "Challenge"]
[Site "http://www.queenalice.com/game.php?id=757550"]
[Date "2010.4.7"]
[Round "-"]
[White "mms78"]
[Black "krambo1"]
[Result "0-1"]
[WhiteElo "1418"]
[BlackElo "1601"]

1. c4 c6 2. e4 e6 3. d4 d5 4. cxd5 cxd5 5. e5 Nc6 6. a3 Be7 7. Nf3 Qb6 8. b4 a6
9. Bd3 Bd7 10. Be3 Rc8 11. Nc3 Bd8 12. Bg5 Nxd4 13. Na2 Nxf3+ 14. Qxf3 Bxg5 15.
h4 Bd8 16. Nc1 Qd4 17. Rb1 Qxe5+ 18. Ne2 Nf6 19. O-O O-O 20. Rfe1 Bc7 21. g3 Bb6
22. Nf4 Qd6 23. Nh5 Nxh5 24. Qxh5 g6 25. Qg5 Rc3 26. Red1 Bb5 27. Bxb5 Rxg3+ 0-1

[Event "Let's Play Chess!"]
[Site "http://www.queenalice.com/game.php?id=757552"]
[Date "2010.4.7"]
[Round "-"]
[White "mms78"]
[Black "Gil"]
[Result "1-0"]
[WhiteElo "1398"]
[BlackElo "1174"]

1. c4 g6 2. d4 Bg7 3. e4 d6 4. Ne2 Nf6 5. Nbc3 O-O 6. g3 Bg4 7. Bg2 c5 8. f3 Bd7
9. d5 Na6 10. a3 e5 11. O-O Qc7 12. f4 exf4 13. Nxf4 Rfe8 14. Rb1 Rab8 15. Re1
1-0

[Event "Let's Play Chess!"]
[Site "http://www.queenalice.com/game.php?id=757553"]
[Date "2010.4.7"]
[Round "-"]
[White "mms78"]
[Black "beckhamf2000"]
[Result "0-1"]
[WhiteElo "1425"]
[BlackElo "2485"]

1. d4 d5 2. c4 e6 3. e3 dxc4 4. Bxc4 Nf6 5. a3 c5 6. Ne2 Nc6 7. Nbc3 Be7 8. O-O
O-O 9. d5 Ne5 10. b3 Nxc4 11. bxc4 exd5 12. cxd5 b5 13. Nf4 g5 14. Nh5 b4 15.
axb4 cxb4 16. Na2 Nxh5 17. Qxh5 Qxd5 18. Bb2 a5 19. Nc1 Bb7 20. f3 Ba6 21. Re1
Qd2 22. Re2 Bxe2 23. Rb1 Qe1# 0-1

[Event "Let's Play Chess!"]
[Site "http://www.queenalice.com/game.php?id=757554"]
[Date "2010.4.7"]
[Round "-"]
[White "mms78"]
[Black "Gil"]
[Result "1-0"]
[WhiteElo "1431"]
[BlackElo "1110"]

1. e4 Nc6 2. Nf3 b6 3. d4 Bb7 4. c4 e6 5. Bd3 d6 6. Bf4 Nf6 7. Nc3 e5 8. dxe5
dxe5 9. Nxe5 Bc5 10. O-O O-O 11. a3 Nxe5 12. Bxe5 Re8 13. b4 Bd4 14. Bxd4 Qxd4
15. Ne2 Nxe4 16. Nxd4 Rad8 17. Nf5 1-0

[Event "Let's Play Chess!"]
[Site "http://www.queenalice.com/game.php?id=757555"]
[Date "2010.4.7"]
[Round "-"]
[White "Gil"]
[Black "mms78"]
[Result "0-1"]
[WhiteElo "1110"]
[BlackElo "1436"]

1. d4 Nf6 2. Nf3 g6 3. e3 Bg7 4. c4 O-O 5. Nc3 e6 6. Bd2 d5 7. cxd5 exd5 8. Bd3
Bg4 9. h3 Be6 10. g4 h6 11. Qc2 Nh7 12. O-O-O f5 13. gxf5 Bxf5 14. Bxf5 Rxf5 0-1

[Event "Let's Play Chess!"]
[Site "http://www.queenalice.com/game.php?id=757556"]
[Date "2010.4.7"]
[Round "-"]
[White "Gil"]
[Black "mms78"]
[Result "0-1"]
[WhiteElo "1115"]
[BlackElo "1425"]

1. d4 c5 2. Nf3 cxd4 3. Nxd4 e5 4. Nb3 g6 5. e4 Nf6 6. Bd3 d5 7. exd5 Nxd5 8.
Qf3 Bg7 9. Be4 Nf6 10. Bxb7 Bxb7 11. Qxb7 Nbd7 12. O-O O-O 13. Rd1 Qe7 14. Rxd7
Nxd7 15. Nc5 Qxc5 0-1

[Event "Let's Play Chess!"]
[Site "http://www.queenalice.com/game.php?id=757557"]
[Date "2010.4.7"]
[Round "-"]
[White "Gil"]
[Black "mms78"]
[Result "0-1"]
[WhiteElo "1174"]
[BlackElo "1413"]

1. d4 d5 2. Nf3 Nf6 3. e3 g6 4. c4 e6 5. Nc3 c5 6. dxc5 Bxc5 7. cxd5 Nxd5 8.
Nxd5 exd5 9. Ne5 O-O 10. b3 d4 11. Qc2 Bb4+ 12. Bd2 Qa5 13. Bxb4 Qxb4+ 14. Qd2
Qxd2+ 0-1

[Event "Nereu"]
[Site "http://www.queenalice.com/game.php?id=764565"]
[Date "2010.4.22"]
[Round "-"]
[White "nereu"]
[Black "mms78"]
[Result "0-1"]
[WhiteElo "1449"]
[BlackElo "1485"]

1. e4 e5 2. Nf3 Nf6 3. Nc3 Bb4 4. d3 Nc6 5. Bd2 d5 6. exd5 Nxd5 7. Nxd5 Bxd2+ 8.
Qxd2 Qxd5 9. Be2 Be6 10. O-O Nd4 11. c4 Qc5 12. Qg5 Nxe2+ 13. Kh1 h6 14. Qxg7
O-O-O 15. Nxe5 Rdg8 16. Qf6 Rh7 17. Rfe1 Nd4 18. Rac1 Rhg7 19. g3 Nc6 20. Nxc6
Qxc6+ 21. Kg1 Bh3 22. Re4 Qxf6 0-1

[Event "Let's Play Chess!"]
[Site "http://www.queenalice.com/game.php?id=765688"]
[Date "2010.4.25"]
[Round "-"]
[White "elche"]
[Black "mms78"]
[Result "0-1"]
[WhiteElo "1653"]
[BlackElo "1441"]

1. e4 e6 2. Nf3 Nf6 3. e5 Ne4 4. d4 d5 5. Bd3 c5 6. Bb5+ Bd7 7. Bxd7+ Qxd7 8.
O-O Nc6 9. dxc5 Bxc5 10. Bf4 Qc7 11. Bg3 Nxg3 12. hxg3 Nxe5 13. Nxe5 Qxe5 14. c3
Qxg3 15. Qf3 Qh4 16. g3 Qg5 17. Qf4 Qg6 18. Qc7 Bb6 19. Qxb7 Qxg3+ 0-1